Statistics for 25 Most famous Beatles songs!

Click here to take the quiz!

General Stats

  • This quiz has been taken 925 times
  • The average score is 15 of 25

Answer Stats

# (% guessed)ALBUMSONG% Correct
8. (72)Help!Yesterday
81%
7. (75)Past MastersHey Jude
80%
16. (63)Abbey RoadCome Together
71%
10. (68)Sgt. Pepper's Lonely Hearts Club BandLucy in the Sky with Diamonds
71%
9. (69)RevolverEleanor Rigby
70%
18. (61)Magical Mystery TourPenny Lane
70%
23. (57)Abbey RoadSomething
68%
25. (56)Sgt. Pepper's Lonely Hearts Club BandA Day in the Life
67%
14. (64)Magical Mystery TourI Am the Walrus
66%
19. (59)Abbey RoadHere Comes the Sun
64%
11. (67)Magical Mystery TourStrawberry Fields Forever
63%
15. (63)Please Please MeLove Me Do
62%
22. (57)Magical Mystery TourAll You Need Is Love
58%
29. (54)Let It BeGet Back
58%
12. (65)Past MastersI Want to Hold Your Hand
58%
28. (55)Past MastersShe Loves You
58%
20. (58)Please Please MeTwist and Shout
57%
26. (55)Rubber SoulNorwegian Wood (This Bird Has Flown)
56%
24. (56)Sgt. Pepper's Lonely Hearts Club BandWith a Little Help from My Friends
55%
21. (58)The BeatlesBack in the U.S.S.R.
54%
Michelle
53%
30. (53)The BeatlesWhile My Guitar Gently Weeps
50%
17. (63)Past MastersRevolution
48%
Blackbird
45%
27. (55)Abbey RoadOctopus's Garden
28%

Score Distribution

Percentile by Number Answered

Percent of People with Each Score

Your Score History

You have not taken this quiz